Death of a hangman : a Ralph Compton novel / by ... Read More
Available copies
- 3 of 3 copies available at LARL/NWRL Consortium.
Current holds
0 current holds with 3 total copies.
View other formats and editions
Show Only Available Copies
| Location | Call Number / Copy Notes | Barcode | Shelving Location | Status | Due Date |
|---|---|---|---|---|---|
| Godel Memorial-Warren Library | pb (Text) | 35500004665160 | Main | Available | - |
| Greenbush Public Library | pb WES (Text) | 35500004832992 | Main | Available | - |
| Grygla LINK Site | pb (Text) | 35500005794886 | Main | Available | - |
Record details
- ISBN: 9780451230249 (pbk.)
- ISBN: 0451230248 (pbk.)
- Physical Description: 298 p. ; 18 cm.
- Publisher: New York : Signet, 2010.
Content descriptions
| Summary, etc.: | When Charlie Pike's old commanding officer call ... Read More |
Search for related items by subject
| Genre: | Western stories. Historical fiction. |
| LDR | 01348cam a2200265Ia 4500 | ||
|---|---|---|---|
| 001 | 116768 | ||
| 003 | LARL_NWRL_CONSORTIUM | ||
| 005 | 20100408123930.0 | ||
| 008 | 090716s2010 nyu 000 1 eng d | ||
| 020 | . | ‡a9780451230249 (pbk.) | |
| 020 | . | ‡a0451230248 (pbk.) | |
| 035 | . | ‡a(OCoLC)426801645 | |
| 040 | . | ‡aBTCTA ‡cBTCTA ‡dWRS ‡dNRG | |
| 100 | 1 | . | ‡aWest, Joseph A. ‡0(LARL_NWRL_CONSORTIUM)114945 |
| 245 | 1 | 0. | ‡aDeath of a hangman : ‡ba Ralph Compton novel / ‡cby Joseph A. West. |
| 260 | . | ‡aNew York : ‡bSignet, ‡c2010. | |
| 300 | . | ‡a298 p. ; ‡c18 cm. | |
| 520 | . | ‡aWhen Charlie Pike's old commanding officer call him to action, he cannot refuse. General Dryden was a blustery, demanding leader, and he saved Pike's life in the war. Now a judge in the wilds of New Mexico Territory, Dryden is dying--and he wants Pike to escort him back to his native Texas. But a powerful gang leader wants vengeance on Dryden, and Pike is about to find out that paying some debts can cost a man everything. | |
| 655 | 7. | ‡aWestern stories. ‡2gsafd | |
| 655 | 7. | ‡aHistorical fiction. ‡2gsafd | |
| 700 | 1 | . | ‡aCompton, Ralph. ‡0(LARL_NWRL_CONSORTIUM)138457 |
| 901 | . | ‡a116768 ‡bOCLC ‡c116768 ‡tbiblio | |

Add to basket
Permalink
Disable Highlighting